000 00266nam a2200109Ia 4500
008 240625s9999 xx 000 0 und d
041 _aeng
082 _a658.812 RAW
100 _aRAWAT SUDHANSHU
245 _aIT TOOLS FOR ENHANCING CRM DELIVERY SYST
260 _c2004
999 _c32983
_d32983